header

Winning library grants (Record no. 242058)

MARC details
000 -LEADER
fixed length control field 01987nam a2200349 a 4500
082 04 - DEWEY DECIMAL CLASSIFICATION NUMBER
Classification number 025.1/1
100 1# - MAIN ENTRY--AUTHOR NAME
Personal name Landau, Herbert B.
245 10 - TITLE STATEMENT
Title Winning library grants
260 ## - PUBLICATION, DISTRIBUTION, ETC. (IMPRINT)
Place of publication Chicago :
Name of publisher American Library Association,
Year of publication 2011.
300 ## - PHYSICAL DESCRIPTION
Number of Pages vi, 176 p. :
Other physical details ill.
505 0# - FORMATTED CONTENTS NOTE
Formatted contents note Introduction -- Grantsmanship fundamentals, definitions, and rules -- Preproposal market analysis and planning -- Finding grants and granting organizations relevant to libraries -- Initiating contact with grantors -- Obtaining solicited competitive grant application packages -- Preproposal research and fact finding -- Proposal management and project planning -- Proposal writing style -- Proposal writing section by section -- Proposal assembly, editing, review, and submission -- Postproposal preaward marketing -- Contract award and project management -- Writing a request for proposal -- Conclusion : why become a grantsman (or -woman)?.
650 #0 - SUBJECT ADDED ENTRY--TOPICAL TERM
Topical Term Proposal writing in library science
Topical Term Proposal writing for grants
Topical Term Library fund raising
856 40 - ELECTRONIC LOCATION AND ACCESS
Uniform Resource Identifier http://site.ebrary.com/lib/rucke/Doc?id=10469320

No items available.

© 2026 Rongo University
Contact us: librarian | system librarian | Rongo university